1400 1627 1546 1789 1188 1621 1126 1390 1826 1519 1680 1197 1862 1858 1064 1064 1321 1507 1445 1496 1353 1310 1640 1818 1265 1049 1383 1978 1957 1535 1078 1485 1291 1267 1287 1369 1882 1119 1380 1987 1274 1591 1283 1902 1404 1261 1036 1883 1738 1063 1915 1665 1111 1316 1722 1138 1339 1653 1298 1864 1991 1184 1871 1354 1217 1633 1851 1927 1082 1454 1547 1800 1322 1509 1006 1321 1497 1024 1573 1976 1797 1922 1907 1609 1091 1793 1656 1525 1045 1598 1407 1049 1425 1271 1452 1789 1857 1897 1558 BCNSPRNW ULIB Ver.6.0+V

เปลี่ยนเป็นภาษาไทย

Change to English
 แสดงรายละเอียดบรรณานุกรม
  กลับหน้าหลัก

Brief Record : Get Marc (ISO 2709) : E-mail record : QR code < ปิดหน้าต่าง
LEADER : 00000nas 2200000uu 4500
001    13399124373
003     ULIB
008    150529s||||||||th 000 0 tha d
022 0  1906-7925
110 1  วิทยาลัยพยาบาลสภากาชาดไทย
245 00 วารสารพยาบาลสภากาชาด /^cวิทยาลัยพยาบาลสภากาชาดไทย
310    ^aราย 6 เดือน
850 ^a ULIB^bปีที่ 7 ฉบับที่ 1 ฉ.1 ;ปีที่ 7 ฉบับที่ 2 ฉ.1
945    ^p0^l0^i903017
945    ^p0^l0^i903018
999    ^aเกษร โพธิ์สุวรรณ
รายการนี้ยังไม่มีแท็ก
คุณยังไม่ได้ล็อกอิน คุณสามารถมีกิจกรรมร่วมกับเว็บไซต์ได้ แต่ต้องล็อกอินก่อน ::
  ล็อกอิน

รายการสื่อสารสนเทศ (วารสาร)

ดูแบบ: กล่อง รายการ
ARRIVED
ปีที่ 7 ฉบับที่ 1 ฉ.1
สถานที่: ห้องสมุดวิทยาเขตสวรรค์ประชารักษ์ >หนังสือทั่วไป
ARRIVED
ปีที่ 7 ฉบับที่ 2 ฉ.1
สถานที่: ห้องสมุดวิทยาเขตสวรรค์ประชารักษ์ >วารสาร

BibComment


ยังไม่เคยถูกคอมเมนท์

คอมเมนท์ทรัพยากรรายการนี้
  คอมเมนท์: วารสารพยาบาลสภากา..


 Copyright 2026. Bcnsprnw @Library